<?xml version="1.0" encoding="UTF-8"?>
<record
    xmlns:xsi="http://www.w3.org/2001/XMLSchema-instance"
    xsi:schemaLocation="http://www.loc.gov/MARC21/slim http://www.loc.gov/standards/marcxml/schema/MARC21slim.xsd"
    xmlns="http://www.loc.gov/MARC21/slim">

  <leader>06472cam a22005294i 4500</leader>
  <controlfield tag="003">PE-LiUPU</controlfield>
  <controlfield tag="005">20250731173555.0</controlfield>
  <controlfield tag="008">150625s1994    ck a    r     001 0 spa d</controlfield>
  <datafield tag="020" ind1=" " ind2=" ">
    <subfield code="a">1560634766</subfield>
  </datafield>
  <datafield tag="035" ind1=" " ind2=" ">
    <subfield code="a">(Sirsi) i9781560634768</subfield>
  </datafield>
  <datafield tag="035" ind1=" " ind2=" ">
    <subfield code="a">(Sirsi) i9781560634768</subfield>
  </datafield>
  <datafield tag="040" ind1=" " ind2=" ">
    <subfield code="a">PE-LiUPU</subfield>
    <subfield code="b">spa</subfield>
    <subfield code="c">PE-LiUPU</subfield>
    <subfield code="e">rda</subfield>
  </datafield>
  <datafield tag="049" ind1=" " ind2=" ">
    <subfield code="a">PRUA</subfield>
  </datafield>
  <datafield tag="082" ind1="0" ind2="4">
    <subfield code="a">270</subfield>
    <subfield code="b">G643h</subfield>
    <subfield code="2">21</subfield>
  </datafield>
  <datafield tag="100" ind1="1" ind2=" ">
    <subfield code="a">Gonz&#xE1;lez, Justo L,</subfield>
    <subfield code="e">autor.</subfield>
  </datafield>
  <datafield tag="245" ind1="1" ind2="0">
    <subfield code="a">Historia del cristianismo. Obra completa :</subfield>
    <subfield code="b">desde la era de los m&#xE1;rtires hasta la Era Inconclusa /</subfield>
    <subfield code="c">Justo L. Gonz&#xE1;les.</subfield>
  </datafield>
  <datafield tag="264" ind1=" " ind2="1">
    <subfield code="a">Miami, FL :</subfield>
    <subfield code="b">Unilit, </subfield>
    <subfield code="c">2009.</subfield>
  </datafield>
  <datafield tag="300" ind1=" " ind2=" ">
    <subfield code="a">2 tomos en 1 :</subfield>
    <subfield code="b">ilustraciones ;</subfield>
    <subfield code="c">24 cm.</subfield>
  </datafield>
  <datafield tag="336" ind1=" " ind2=" ">
    <subfield code="a">text</subfield>
    <subfield code="2">rdacontent</subfield>
  </datafield>
  <datafield tag="337" ind1=" " ind2=" ">
    <subfield code="a">unmediated</subfield>
    <subfield code="2">rdamedia</subfield>
  </datafield>
  <datafield tag="338" ind1=" " ind2=" ">
    <subfield code="a">volume</subfield>
    <subfield code="2">rdacarrier</subfield>
  </datafield>
  <datafield tag="500" ind1=" " ind2=" ">
    <subfield code="a">Obra completa, 2 tomos en uno.</subfield>
  </datafield>
  <datafield tag="501" ind1=" " ind2=" ">
    <subfield code="a">Con: Historia del Cristianismo Tomo I. Desde la Era del los M&#xE1;rtires hasta la Era de los sue&#xF1;os frustrados.

Con: Historia del Cristianismo Tomo II. Desde la Era del los Reformadores hasta la Era Inconclusa.</subfield>
  </datafield>
  <datafield tag="504" ind1=" " ind2=" ">
    <subfield code="a">Indice: Tomo I, p&#xE1;ginas 559-570.

Indice: Tomo II, p&#xE1;ginas 561-573.</subfield>
  </datafield>
  <datafield tag="505" ind1=" " ind2=" ">
    <subfield code="a">Tomo I: La era de los m&#xE1;rtires --Cristianismo e historia -- El cumplimiento del tiempo -- El juda&#xED;smo en Palestina -- El juda&#xED;smo de la dispersi&#xF3;n -- El mundo grecorromano -- La iglesia de Jerusal&#xE9;n -- Unidad y diversidad -- La vida religiosa -- El ocaso de la iglesia jud&#xED;a -- La misi&#xF3;n a los gentiles -- El alcance de la misi&#xF3;n -- La obra de Pablo -- Los ap&#xF3;stoles: hechos y leyendas -- Los primeros conflictos con el estado -- La nueva secta jud&#xED;a -- La persecuci&#xF3;n bajo Ner&#xF3;n -- La persecuci&#xF3;n en el siglo segundo -- La correspondencia entre Plinio y Trajano -- Ignacio de Antioqu&#xED;a: el portador de Dios -- El martirio de Policarpo -- La persecuci&#xF3;n bajo Marco Aurelio -- Hacia el fin del siglo segundo -- La defensa de la fe -- Las acusaciones contra los cristianos -- Los principales apologistas -- Fe cristiana y cultura pagana -- Los argumentos de los apologistas -- El dep&#xF3;sito de la fe -- Los maestros de la iglesia -- La persecuci&#xF3;n en el siglo tercero -- La vida cristiana -- La gran persecuci&#xF3;n y el triunfo final -- El impacto de Constantino -- La teolog&#xED;a oficial: Eusebio de Cesarea -- La reacci&#xF3;n mon&#xE1;stica -- La controversia arriana y el concilio de Nicea -- La reacci&#xF3;n pagana: Juliano el Ap&#xF3;stata -- Atanasio de Alejandr&#xED;a -- Los primeros a&#xF1;os -- El primer exilio -- Las muchas vicisitudes -- El acuerdo teol&#xF3;gico -- Contin&#xFA;an las vicisitudes -- Los grandes capadocios -- Ambrosio de Mil&#xE1;n -- Juan Cris&#xF3;stomo -- Jer&#xF3;nimo -- Agust&#xED;n de Hipona -- Bajo el r&#xE9;gimen de los b&#xE1;rbaros -- El monaquismo benedictino -- El papado -- La iglesia oriental -- Las iglesias disidentes -- Las conquistas &#xE1;rabes -- Bajo el r&#xE9;gimen de los carolingios -- La iglesia de oriente despu&#xE9;s de las conquistas &#xE1;rabes -- Antes del alba, la noche oscura -- La reforma mon&#xE1;stica -- La reforma papal -- El conflicto entre el pontificado y el imperio -- Las cruzadas -- La reconquista espa&#xF1;ola -- Las &#xF3;rdenes mendicantes -- La actividad teol&#xF3;gica -- Testimonios de piedra -- La cumbre del papado -- Las nuevas condiciones -- El papado bajo la sombra de Francia -- El gran Cisma de Occidente -- La reforma conciliar -- Juan Wyclif -- Juan Huss -- Los movimientos populares -- La alternativa m&#xED;stica -- La teolog&#xED;a acad&#xE9;mica -- El renacimiento y el humanismo -- Italia en los siglos XIV y XV -- El despertar de las letras cl&#xE1;sicas -- La nueva visi&#xF3;n de la realidad -- Los papas del renacimiento -- La reforma humanista: Erasmo de Rotterdam -- Jer&#xF3;nimo Savonarada -- El fin del Imperio Bizantino.</subfield>
  </datafield>
  <datafield tag="505" ind1=" " ind2=" ">
    <subfield code="a">Tomo II: Isabel la Cat&#xF3;lica -- Mart&#xED;n Lutero: camino hacia la Reforma -- La teolog&#xED;a de Mart&#xED;n Lutero -- Una d&#xE9;cada de incertidumbre -- Ulrico Zwinglio y la Reforma en Suiza -- El movimiento anabaptista -- Juan Calvinos -- La Reforma en la Gran Breta&#xF1;a -- El curso posterior del luteranismo -- La Reforma en los pa&#xED;ses bajos -- El protestantismo en Francia -- La Reforma Cat&#xF3;lica -- El protestantismo espa&#xF1;ol -- Una edad convulsa -- Isabel la Cat&#xF3;lica -- Un nuevo mundo -- La justificaci&#xF3;n de la empresa -- La emporesa antillana -- La serpiente emplumada --Castilla del oro -- Nueva Granada -- Los hijos del sol -- La Florida --El virreynato de La Plata -- Los portugueses en Africa -- Hacia donde nace el sol -- El Brasil -- La cruz y la espada -- Los dogmas y las dudas -- La guerra de los treinta a&#xF1;os -- La iglesia del desierto --La revoluci&#xF3;n puritana -- La ortodoxia cat&#xF3;lica -- La ortodoxia luterana -- La ortodoxia reformada -- La opci&#xF3;n nacionalista -- La opci&#xF3;n espiritualilsta -- La opci&#xF3;n pietista -- La opci&#xF3;n geogr&#xE1;fica -- Horizontes pol&#xED;ticos: Los Estados Unidos -- Horizontes pol&#xED;ticos: Eutropa -- Horizontes pol&#xED;ticos: Am&#xE9;rica Latina -- Horizontes intelectuales: La teolog&#xED;a protestante -- Horizontes intelectuales: La teolog&#xED;a cat&#xF3;lica -- Horizongtes geogr&#xE1;ficos: El siglo del colonialismo -- Horizongtes geogr&#xE1;ficos: Asia -- Horizontes geogr&#xE1;ficos: Ocean&#xED;a -- Horizontes geogr&#xE1;ficos: Africa y el mundo musulm&#xE1;n -- Horizontes geogr&#xE1;ficos: Am&#xE9;rica Latina -- Horizontes ecum&#xE9;nicos -- La nueva situaci&#xF3;n -- El cristianismo oriental -- El catolicismo romano -- El protestantismo europeo -- El protestantismo norteamericano -- Desde lo &#xFA;ltimo de la tierra.</subfield>
  </datafield>
  <datafield tag="526" ind1=" " ind2=" ">
    <subfield code="a">SEG42</subfield>
  </datafield>
  <datafield tag="526" ind1=" " ind2=" ">
    <subfield code="a">SEG41</subfield>
  </datafield>
  <datafield tag="526" ind1=" " ind2=" ">
    <subfield code="a">SEG40</subfield>
  </datafield>
  <datafield tag="526" ind1=" " ind2=" ">
    <subfield code="a">SEG39</subfield>
  </datafield>
  <datafield tag="526" ind1=" " ind2=" ">
    <subfield code="a">P94</subfield>
  </datafield>
  <datafield tag="526" ind1=" " ind2=" ">
    <subfield code="a">P87</subfield>
  </datafield>
  <datafield tag="526" ind1=" " ind2=" ">
    <subfield code="a">P86</subfield>
  </datafield>
  <datafield tag="526" ind1=" " ind2=" ">
    <subfield code="a">P85</subfield>
  </datafield>
  <datafield tag="526" ind1=" " ind2=" ">
    <subfield code="a">P77</subfield>
  </datafield>
  <datafield tag="526" ind1=" " ind2=" ">
    <subfield code="a">P76</subfield>
  </datafield>
  <datafield tag="526" ind1=" " ind2=" ">
    <subfield code="a">P35</subfield>
  </datafield>
  <datafield tag="650" ind1=" " ind2="0">
    <subfield code="a">Historia de la iglesia</subfield>
    <subfield code="9">469</subfield>
  </datafield>
  <datafield tag="942" ind1=" " ind2=" ">
    <subfield code="2">ddc</subfield>
    <subfield code="c">BOOK</subfield>
    <subfield code="n">0</subfield>
  </datafield>
  <datafield tag="949" ind1=" " ind2=" ">
    <subfield code="a">270 G69 1</subfield>
    <subfield code="w">DEWEY</subfield>
    <subfield code="c">1</subfield>
    <subfield code="i">56618</subfield>
    <subfield code="d">2016-10-28</subfield>
    <subfield code="e">2016-10-28</subfield>
    <subfield code="l">CCODEBUL1</subfield>
    <subfield code="m">BUL</subfield>
    <subfield code="n">23</subfield>
    <subfield code="p">18.00</subfield>
    <subfield code="r">0</subfield>
    <subfield code="s">Y</subfield>
    <subfield code="t">BOOK</subfield>
    <subfield code="u">2015-6-25</subfield>
    <subfield code="x">TEOLOGIA</subfield>
    <subfield code="z">UNKNOWN</subfield>
    <subfield code="0">COMPRA</subfield>
    <subfield code="o">.STAFF. Colecci&#xF3;n Teolog&#xED;a</subfield>
  </datafield>
  <datafield tag="949" ind1=" " ind2=" ">
    <subfield code="a">270 G69 1</subfield>
    <subfield code="w">DEWEY</subfield>
    <subfield code="c">2</subfield>
    <subfield code="i">57548</subfield>
    <subfield code="l">CCODEBUL1</subfield>
    <subfield code="m">BUL</subfield>
    <subfield code="r">0</subfield>
    <subfield code="s">Y</subfield>
    <subfield code="t">BOOK</subfield>
    <subfield code="u">2015-6-25</subfield>
    <subfield code="x">TEOLOGIA</subfield>
    <subfield code="z">UNKNOWN</subfield>
    <subfield code="0">COMPRA</subfield>
    <subfield code="o">.STAFF. Colecci&#xF3;n Teolog&#xED;a</subfield>
  </datafield>
  <datafield tag="949" ind1=" " ind2=" ">
    <subfield code="a">270 G69 1</subfield>
    <subfield code="w">DEWEY</subfield>
    <subfield code="c">3</subfield>
    <subfield code="i">61974</subfield>
    <subfield code="d">2016-11-25</subfield>
    <subfield code="e">2016-11-21</subfield>
    <subfield code="l">CCODEBUL1</subfield>
    <subfield code="m">BUL</subfield>
    <subfield code="n">26</subfield>
    <subfield code="p">32.00</subfield>
    <subfield code="r">0</subfield>
    <subfield code="s">Y</subfield>
    <subfield code="t">BOOK</subfield>
    <subfield code="u">2015-6-25</subfield>
    <subfield code="x">TEOLOGIA</subfield>
    <subfield code="0">COMPRA</subfield>
    <subfield code="o">.STAFF. Colecci&#xF3;n Teolog&#xED;a</subfield>
  </datafield>
  <datafield tag="980" ind1=" " ind2=" ">
    <subfield code="8">1</subfield>
    <subfield code="g">ALBERTO SANCHEZ Responsable de Automatizaci&#xF3;n</subfield>
    <subfield code="6">18226</subfield>
    <subfield code="a">Jaime Vilcaz&#xE1;n Jefe de An&#xE1;lisis Documental</subfield>
  </datafield>
  <datafield tag="999" ind1=" " ind2=" ">
    <subfield code="c">61621</subfield>
    <subfield code="d">61621</subfield>
  </datafield>
  <datafield tag="952" ind1=" " ind2=" ">
    <subfield code="r">2025-12-02 00:00:00</subfield>
    <subfield code="i">1</subfield>
    <subfield code="l">12</subfield>
    <subfield code="o">270 G643h</subfield>
    <subfield code="p">61974</subfield>
    <subfield code="s">2025-11-05</subfield>
    <subfield code="t">e1</subfield>
    <subfield code="v">37.00</subfield>
    <subfield code="w">2022-11-17</subfield>
    <subfield code="x">FT</subfield>
    <subfield code="y">BK</subfield>
    <subfield code="z">inventario-2023-12-13</subfield>
    <subfield code="1">0</subfield>
    <subfield code="2">ddc</subfield>
    <subfield code="3">t1, 2</subfield>
    <subfield code="5">0</subfield>
    <subfield code="7">0</subfield>
    <subfield code="8">GEN</subfield>
    <subfield code="f">P35</subfield>
    <subfield code="a">BUL</subfield>
    <subfield code="b">BUL</subfield>
    <subfield code="c">GEN</subfield>
    <subfield code="d">2016-11-21</subfield>
    <subfield code="e">Compra</subfield>
    <subfield code="g">32.00</subfield>
  </datafield>
</record>
